000 01322nam a22003137a 4500
003 DO-SdBNP
005 20240903114543.0
007 ta
008 240903b1998 dr a|||| |||| 00| 0 spa d
020 _a9768160764 (pbk)
040 _aDO-SdBNP
_bspa
_cBNPHU
_erda
082 _222
_bB837h
100 _aBrendbekken, Marit
_eautora
_986504
245 1 0 _aHablando con la mata /
_cMarit Brendbekken
246 1 _aHablando con la mata :
_blas plantas y la identidad campesina /
264 1 _aSanto Domingo :
_bInstituto de Medicina Dominicana,
_c1998.
264 4 _bEditora Búho,
300 _a272 páginas
_bilustraciones
_c21 cm.
336 _atexto
_btxt
_2rdacontent
337 _asin mediación
_bn
_2rdamedia
338 _avolumen
_bnc
_2rdacarrier
500 _aMari Brendbkken y la gente de Río Limpio. Este libro pertenece a la gente de Río Limpio y las comunidades alrededor del pueblo. La autora no recibe regalías ni pago por realizar este trabajo.
500 _aIncluye notas finales.
504 _aBibliografía p: 251-266.
520 _aEstudio antropológico de la interdependencia entre "la vida social de las plantas" y la construcción de la identidad campesina en el área fronteriza de la República Dominicana.
590 _aInventariado, 2024/ YL
910 _aYLockward
942 _2ddc
_cLBS1
999 _c57612
_d57612